000 00677nam a2200229 a 4500
999 _c442
_d442
005 20191224041529.0
008 140220b1939 ve ||||| |||| 00| 0 spa d
040 _aCO-BoIAVH
_cCO-BoIAVH
041 _aspa
044 _ave
090 _aIND-I-
_b01
100 _aPittier, Henry Francois
245 _aClave analítica de las familias de plantas superiores de la América Tropical
260 _aCaracas
_bINDERENA
_c1939
300 _a72 páginas
650 _aClaves taxonómicas
650 1 4 _aPlantas superiores
650 1 4 _aEcosistemas tropicales
650 1 4 _aFamilias botánicas
650 1 4 _aVegetación
942 _cINFORME
_2z